000 00919nam a2200253 i 4500
003 IT-RoINE
005 20160510061548.0
008 981201s1997 sp | r ||| ||spa d
020 _a8486716144
040 _aSpMaBN
_cIT-RoINE
_dIT-RoINE
100 1 _aCuesta Bustillo, Josefina
_916822
245 1 0 _aFrancisco Largo Caballero: su compromiso internacional :
_bdocumentos /
_cJosefina Cuesta Bustillo.
260 _aMadrid :
_bFundación Largo Caballero,
_c1997.
300 _a447 p. :
_bil. ;
_c22 cm.
336 _2rdacontent
_atext
337 _2rdamedia
_aunmediated
338 _2rdacarrier
_avolume
490 1 _aHistoria social y del movimiento obrero
600 0 _aLargo Caballero, Francisco,
_917061
_y1869-1946
651 0 _aEspaña
_xHistoria
_ySiglo 20o.
_96816
650 4 _96934
_aMovimiento obrero
_zEspaña
_xHistoria
_ySiglo 20o.
830 0 _918788
_aHistoria social y del movimiento obrero
942 _cMTS
999 _c9168
_d9168